| 000 | 00986nam a22002057a 4500 | ||
|---|---|---|---|
| 008 | 121102t xxu||||| |||| 00| 0 eng d | ||
| 020 | _a0256260044 | ||
| 050 | _aZ52.5.M52.H97 | ||
| 100 | _aHutchinson, Sarah E. | ||
| 245 |
_aMicrosoft office 97 professional. / _cSarah E. Hutchinson and Glen J. Coulthard |
||
| 260 |
_aBoston: _bIrwin McGraw Hill, _cc1997. |
||
| 300 |
_axii, various pagings _bill _c28cm. |
||
| 500 | _aIncludes index. | ||
| 505 | _aContents: Microsoft word 97 for windows: Fundamentals -- Character and paragraph formatting -- Editing and proofing tools -- Printing and document management -- Increasing your productivity -- Appendix -- Microsoft excel 97 for windows: fundamentals -- Working with spreadsheets -- Increasing your productivity -- Managing a workbook -- Creating charts -- Appendix. | ||
| 650 | _bMicrosoft Office. | ||
| 650 | _aMicrosoft Word. | ||
| 650 | _aMicrosoft Excel (Computer file) | ||
| 700 | _aCoulthard, Glen J. | ||
| 942 |
_2lcc _cBK |
||
| 999 |
_c2491 _d9991 |
||